[Event "BL2-W9293"]
[Site "Germany"]
[Date "1993.??.??"]
[Round "?"]
[White "King, Daniel J"]
[Black "Dueball, Juergen"]
[Result "1-0"]
[WhiteElo "2500"]
[BlackElo "2400"]

1.Nf3 g6 2.d4 Nf6 3.c4 Bg7 4.Nc3 O-O 5.e4 d6 6.Be2 e5 7.O-O Nbd7 8.Be3 Ng4
9.Bg5 f6 10.Bd2 f5 11.Bg5 Bf6 12.Bxf6 Ngxf6 13.exf5 gxf5 14.dxe5 dxe5 15.Qd2 e4
16.Nd4 Ne5 17.Rad1 Kh8 18.Qh6 Qe7 19.f3 Bd7 20.fxe4 fxe4 21.h3 Rae8 22.Nf5 Bxf5
23.Rxf5 Qc5+ 24.Kh1 Ng8 25.Rxf8 Rxf8 26.Qe6 Qe7 27.Qxe7 Nxe7 28.Nxe4 Rf4
29.Ng5 N7c6 30.Rf1 Rxf1+ 31.Bxf1 Nd4 32.Kg1 Kg7 33.Kf2 Kg6 34.Ne4 Kf5 35.Nc3 c5
36.g3 b6 37.b3 h6 38.Bg2 Nd3+ 39.Ke3 Ne1 40.Be4+ Ke5 41.Nb5  1-0

[Event "GER-ch (Women)"]
[Site "Germany"]
[Date "1993.??.??"]
[Round "?"]
[White "Lewandowska, Katarzyna"]
[Black "Rehbein, Claudia"]
[Result "1-0"]
[WhiteElo "2170"]
[BlackElo "2280"]

1.d4 Nf6 2.Nf3 g6 3.c4 Bg7 4.Nc3 O-O 5.e4 d6 6.Be2 e5 7.dxe5 dxe5 8.Qxd8 Rxd8
9.Bg5 Rf8 10.Nd5 Nxd5 11.cxd5 f6 12.Be3 c6 13.Bc4 Kh8 14.Rc1 Bd7 15.O-O cxd5
16.Bxd5 Bc6 17.Rfd1 Rd8 18.h4 Bxd5 19.Rxd5 Rxd5  1-0

[Event "NRW-Liga II 9293"]
[Site "Germany"]
[Date "1993.??.??"]
[Round "?"]
[White "Kurr, Gerd"]
[Black "Stratmann, Burkhard"]
[Result "1-0"]
[WhiteElo "2225"]
[BlackElo "2220"]

1.d4 Nf6 2.Nf3 g6 3.c4 Bg7 4.Nc3 O-O 5.e4 d6 6.Be2 e5 7.dxe5 dxe5 8.Qxd8 Rxd8
9.Bg5 Re8 10.Nd5 Nxd5 11.cxd5 c6 12.Bc4 Bd7 13.O-O cxd5 14.Bxd5 Bc6 15.Rfd1 Bxd5
16.Rxd5 f6 17.Be3 Bf8 18.Rad1 Nc6 19.a3 Kf7 20.g4 Ke6 21.Kg2 Be7 22.b4 b6
23.Bd2 Rad8 24.Bc3 h6 25.Ne1 Rd6 26.Nc2 Red8 27.Ne3 R6d7 28.h4 Bd6 29.Nc4 Be7
30.Ne3 Bd6 31.Kf3 Ne7 32.R5d3 Bc7 33.Rxd7 Rxd7 34.Rxd7 Kxd7 35.h5 g5 36.a4 Bd6
37.Ke2 Ke6 38.Kd3 Nc6 39.Kc4 Nd4 40.Bxd4 exd4 41.Nf5 Ke5 42.f3 d3 43.Kxd3 Bxb4
44.Nxh6 Kf4 45.Nf5 Bf8 46.Ke2 a6 47.h6 Bxh6 48.Nxh6 b5 49.axb5 axb5 50.Nf5 b4
51.Nd4 Kg3 52.Ke3 Kg2 53.f4 gxf4+ 54.Kxf4 Kf2 55.e5 fxe5+ 56.Kxe5  1-0

[Event "BL2-W9293"]
[Site "Germany"]
[Date "1993.??.??"]
[Round "?"]
[White "King, Daniel J"]
[Black "Kveinys, Aloyzas"]
[Result "0-1"]
[WhiteElo "2500"]
[BlackElo "2555"]

1.d4 Nf6 2.Nf3 g6 3.c4 Bg7 4.Nc3 O-O 5.e4 d6 6.Be2 e5 7.O-O Nbd7 8.Be3 Qe7
9.Qc2 c6 10.Rad1 exd4 11.Nxd4 Re8 12.f3 Ne5 13.Rfe1 a6 14.Bf1 c5 15.Nb3 Be6
16.Nd2 Qc7 17.Kh1 Rab8 18.b3 Bd7 19.h3 Nc6 20.g4 Nd4 21.Qd3 Bc6 22.Bg2 Nd7
23.f4 Qa5 24.Rc1 b5 25.Qb1 Nb6 26.cxb5 axb5 27.b4 Qa8 28.Ne2 Nc4 29.Nc3 Na3
30.Qd3 c4 31.Qxd4 Bxd4 32.Bxd4 Rb7 33.Re2 Rbe7 34.g5 Re6 35.Kh2 Qb7 36.Kg1 Qe7
37.Nf1 f5 38.Ng3 h6 39.h4 Qf7 40.Rf1 Ba8 41.Ref2 Qh7 42.exf5 gxf5 43.Bxa8 Rxa8
44.Rg2 Rf8 45.Nd5 Qb7 46.Nf6+ Rfxf6 47.gxf6 Kf8 48.Kh2 Qd5 49.Rd2 c3 50.Bxc3 Qc4
51.Ba1 Qxb4 52.Rg2 Qc4 53.Rf3 Qc5 54.Nh5 Re3 55.Ng7 Kf7 56.Rff2 Nc4 57.Nh5 Qa3
58.Rg7+ Kf8 59.Rh7 Rh3+ 60.Kg2 Rxh4  0-1

[Event "NRW-Liga I 9293"]
[Site "Germany"]
[Date "1993.??.??"]
[Round "?"]
[White "Dinstuhl, Burghard"]
[Black "Walter, Karel"]
[Result "0-1"]
[WhiteElo "2335"]
[BlackElo "2155"]

1.d4 Nf6 2.c4 g6 3.Nc3 Bg7 4.e4 d6 5.Nf3 O-O 6.Be2 e5 7.O-O Nbd7 8.Qc2 c6
9.d5 cxd5 10.cxd5 h6 11.Nd2 Ne8 12.Nc4 f5 13.f3 Ndf6 14.Bd2 Bd7 15.a4 Rc8
16.Kh1 fxe4 17.fxe4 Ng4 18.Bxg4 Bxg4 19.Rxf8+ Bxf8 20.b3 Nf6 21.Be3 Bd7 22.Bxa7 Ng4
23.Bg1 Qh4 24.Rf1 Be7 25.Nb6 Rc7 26.Nxd7 Rxd7 27.Nd1 Rd8 28.Qc7 Rf8 29.Rxf8+ Bxf8
30.h3 Qe1 31.Qc2 Kg7 32.Qd3 Nf6 33.Nc3 Nh5 34.Ne2 Qxe2 35.Qxe2 Ng3+ 36.Kh2 Nxe2
37.Bb6 Be7 38.a5 Kf7 39.b4 Nc3 40.Kg1 Ke8  0-1

[Event "Oberliga Nord O9293"]
[Site "Germany"]
[Date "1993.??.??"]
[Round "?"]
[White "Baumbach, Friedrich"]
[Black "Kern, Johannes"]
[Result "1-0"]
[WhiteElo "2345"]
[BlackElo "2275"]

1.d4 Nf6 2.c4 d6 3.Nf3 Nbd7 4.Nc3 e5 5.e4 g6 6.Be2 Bg7 7.O-O O-O 8.Re1 c6
9.Bf1 exd4 10.Nxd4 Nc5 11.Rb1 Re8 12.f3 a5 13.Be3 Qc7 14.Qc2 Bd7 15.Rbd1 Rad8
16.Nb3 b6 17.Qf2 Bc8 18.Rd2 Nfd7 19.Red1 Be5 20.Nd4 Nf8 21.Qh4 Nfe6 22.Nde2 Bg7
23.Qg3 Nb7 24.h4 Rd7 25.h5 Red8 26.f4 Nbc5 27.Qh4 Re8 28.f5 Nf8 29.h6 Be5
30.Bg5 f6 31.Bxf6 Rf7 32.Bxe5 dxe5 33.Ng3 Kh8 34.Rf2 a4 35.Be2 a3 36.b3 Ree7
37.Rdf1 Qd7 38.Rd1 Qe8 39.Rd6 Rd7 40.Rxc6 Rd4 41.Rf6 Ncd7 42.Rxf7 Qxf7 43.fxg6 Qxg6
44.Qe7 Ne6 45.Nf5 Rd2 46.Ng7 Rc2 47.Nxe6 Rxc3 48.Rf8+  1-0

[Event "GER CupT"]
[Site "Germany"]
[Date "1993.??.??"]
[Round "?"]
[White "Majer, Damir"]
[Black "Schaefer, Markus"]
[Result "1-0"]
[WhiteElo "2225"]
[BlackElo "2430"]

1.d4 Nf6 2.c4 g6 3.Nc3 Bg7 4.e4 d6 5.Nf3 O-O 6.Be2 Na6 7.O-O e5 8.Be3 Qe8
9.dxe5 dxe5 10.Re1 Ng4 11.Bc1 c6 12.h3 Nf6 13.Be3 Qe7 14.a3 Nc5 15.Qc2 Nfd7
16.b4 Ne6 17.Rad1 f5 18.c5 f4 19.Bc1 Nd4 20.Bc4+ Kh8 21.Qd3 g5 22.Nh2 a5
23.Ne2 axb4 24.axb4 b5 25.Bb3 Nxb3 26.Qxb3 Nf6 27.Rd6 g4 28.hxg4 Nxe4 29.Rxc6 Nxf2
30.Rxc8 Raxc8 31.Qf3 Nd1 32.Rxd1 e4 33.Qf2 e3 34.Qe1 Rcd8 35.Nf3 Qe4 36.Ba3 Rd3
37.Rxd3 Qxd3 38.Bc1 Qd5 39.Kh2 Qc4 40.Qd1 Qxb4 41.Qc2 Qa4 42.Qd3 Qc4 43.Qxc4 bxc4
44.g3 Rc8 45.gxf4 Rxc5 46.Bxe3 Ra5 47.Kg3 Ra2 48.Nc1 Rc2 49.Ne5 Kg8 50.Kf3 Bxe5
51.fxe5 Kf7 52.Ne2 Ra2 53.Bd4 Ra6 54.Ke4 Kg6 55.Nf4+ Kg5 56.Nd5 Kxg4 57.Nf6+ Kg5
58.Nxh7+ Kg6 59.Nf6 Re6 60.Kd5 Kf5 61.Ne4 Rxe5+ 62.Bxe5 Kg4 63.Nd2 Kf5 64.Nxc4 Kg4
65.Ke4 Kg5 66.Nd6 Kg4 67.Bf4 Kh4 68.Nf7 Kg4 69.Ne5+ Kh4 70.Kf3 Kh3 71.Be3 Kh2
72.Ng4+ Kh1 73.Bf4 Kg1 74.Nh2 Kh1 75.Ng4 Kg1 76.Nf2 Kf1 77.Bh2 Ke1 78.Ne4 Kd1
79.Ke3 Kc2 80.Nd2 Kc3 81.Bd6 Kc2 82.Be5 Kd1 83.Kd3 Ke1 84.Bg3+ Kd1 85.Bf2 Kc1
86.Nc4 Kd1 87.Nb2+ Kc1 88.Kc3 Kb1 89.Kb3 Kc1 90.Be3+ Kb1 91.Nc4 Ka1 92.Bd2  1-0

[Event "NRW-Liga II 9293"]
[Site "Germany"]
[Date "1993.??.??"]
[Round "?"]
[White "Pichler, Juergen"]
[Black "Wolter, Kai"]
[Result "1-0"]
[WhiteElo "2425"]
[BlackElo "2250"]

1.d4 Nf6 2.Nf3 g6 3.c4 Bg7 4.Nc3 O-O 5.e4 d6 6.Be2 e5 7.d5 a5 8.Bg5 h6 9.Bh4 Na6
10.Nd2 Qe8 11.a3 Bd7 12.b3 Nh7 13.O-O h5 14.f3 Bh6 15.Rb1 f5 16.Bf2 Nf6 17.b4 axb4
18.axb4 g5 19.c5 Qg6 20.cxd6 cxd6 21.Nc4 fxe4 22.fxe4 Ng4 23.Bb6 Rxf1+ 24.Bxf1 Rc8
25.Qe1 Bf8 26.Bd3 Be7 27.Kh1 h4 28.Na5 Nc7 29.Nxb7 Ne8 30.Na5 Nef6 31.b5 Nh5
32.Nc6 Bf8 33.Be3 h3 34.gxh3 Nxe3 35.Qxe3 Nf4 36.b6 Bxc6 37.dxc6 Rxc6 38.Nd5 Rc8
39.b7 Rb8 40.Nxf4 exf4 41.Qa7 Qh5 42.Rf1 Qe8 43.Bc4+ Kh7 44.Bd5 Bg7 45.Qg1 Qe7
46.Qg4 Rxb7 47.Qf5+ Kh6 48.Bxb7 Qxb7 49.Rg1 Qe7 50.h4  1-0

[Event "BL9293 (Women)"]
[Site "Germany"]
[Date "1993.??.??"]
[Round "?"]
[White "Kas Fromm, Rita"]
[Black "Ramseier, Jana S"]
[Result "1/2-1/2"]
[WhiteElo "2200"]
[BlackElo "2130"]

1.d4 Nf6 2.c4 g6 3.Nc3 Bg7 4.e4 d6 5.Be2 O-O 6.Nf3 e5 7.Be3 Nc6 8.d5 Ne7
9.Nd2 Ne8 10.c5 f5 11.f3 f4 12.Bf2 g5 13.Nc4 Rf6 14.Qb3 h5 15.h3 Rg6 16.cxd6 cxd6
17.Qa3 Bd7 18.Qa5 b6 19.Qb4 Nc8 20.a4 g4 21.hxg4 hxg4 22.Bh4 Bf6 23.Bxf6 Qxf6
24.O-O-O g3 25.Kb1 Nc7 26.Na3 a6 27.Qc4 Qd8 28.Rh5 Rb8 29.Rdh1 Kf8 30.Nc2 b5
31.Qb4 Ne8 32.a5 Ne7 33.Qa3 Qc7 34.Nb4 Qa7 35.Qb3 Rc8 36.Qd1 Qc7 37.Rh8+ Ng8
38.R1h7 Nf6 39.Rh4 Qxa5 40.Nc6 Qb6 41.Qh1 Bxc6 42.dxc6 Qxc6 43.R4h6 Rxh6
44.Qxh6+ Kf7 45.Qg5 b4 46.Bd1 Qc4 47.Nd5 Qc1+ 48.Ka2 Qxd1 49.Rxg8 Qa4+ 50.Kb1 Qc2+
51.Ka1 Qc1+ 52.Ka2 Qc4+ 53.Ka1 Qc1+ 54.Ka2 Qc4+  1/2-1/2

[Event "Verbandsliga Nord Baden"]
[Site "Germany"]
[Date "1993.??.??"]
[Round "?"]
[White "Fronczek, Bohdan"]
[Black "Link, Thomas"]
[Result "1-0"]
[WhiteElo "2205"]
[BlackElo "2290"]

1.d4 Nf6 2.Nf3 g6 3.c4 Bg7 4.Nc3 d6 5.e4 O-O 6.Be2 Nbd7 7.O-O e5 8.Re1 c6
9.h3 Ne8 10.dxe5 dxe5 11.Be3 Qe7 12.Qc2 Nc7 13.Rad1 Ne6 14.a3 f5 15.exf5 gxf5
16.b4 e4 17.Nd4 Rf6 18.f4 Ndf8 19.Bf1 Nxd4 20.Bxd4 Rg6 21.Bxg7 Rxg7 22.Qf2 Be6
23.c5 Qf6 24.Qe3 h5 25.Rd6 h4 26.Bc4 Rg3 27.Bxe6+ Nxe6 28.Nxe4 fxe4 29.Qxe4 Nxc5
30.bxc5 Qg7 31.f5 Rf8 32.Rf1 Qc3 33.Qe6+ Kh8 34.Qh6+ Kg8 35.Rg6+ Rxg6 36.Qxg6+ Kh8
37.f6 Qxc5+ 38.Kh1  1-0

[Event "BL9293 (Women)"]
[Site "Germany"]
[Date "1993.??.??"]
[Round "?"]
[White "Kas Fromm, Rita"]
[Black "Barthel, Bergit"]
[Result "1-0"]
[WhiteElo "2200"]
[BlackElo "2075"]

1.d4 Nf6 2.c4 g6 3.Nc3 Bg7 4.e4 d6 5.Nf3 O-O 6.Be2 e5 7.Be3 exd4 8.Nxd4 Re8
9.Qc2 c6 10.O-O Nbd7 11.Rad1 a5 12.Rfe1 a4 13.f3 Qa5 14.b3 d5 15.cxd5 Nxd5
16.Nxd5 cxd5 17.Nb5 dxe4 18.Nc7 Bc3 19.Nxe8 Bxe1 20.Qxe4 Bc3 21.Bc4 Nf8 22.Bd4 Bxd4+
23.Qxd4 Qa7 24.Bxf7+ Kxf7 25.Nd6+ Kg8 26.Qxa7 Rxa7 27.Nxc8 Ra6 28.Rd6 axb3
29.axb3 Kf7 30.Kf2 Rc6 31.Rxc6 bxc6 32.Ke3 Ke6 33.Kd4 Nd7 34.b4 g5 35.g3 h5
36.Ke4 Nf6+ 37.Kd4 Nd7 38.Na7 Ne5 39.f4 gxf4 40.gxf4 Nf3+ 41.Ke4 Nxh2 42.Nxc6 Ng4
43.b5 h4 44.Kf3 Nf6 45.b6 Nd7 46.b7 Kd5 47.Ne5 Nb8 48.Kg4 Ke4 49.Nf3 Kd5
50.f5 Nd7 51.Kxh4 Kc6 52.Ne5+  1-0

[Event "BL2-O9293"]
[Site "Germany"]
[Date "1993.??.??"]
[Round "?"]
[White "Przewoznik, Jan"]
[Black "Ankerst, Mihael"]
[Result "0-1"]
[WhiteElo "2425"]
[BlackElo "2265"]

1.Nf3 Nf6 2.c4 g6 3.Nc3 Bg7 4.e4 d6 5.d4 O-O 6.Be2 e5 7.Be3 c6 8.d5 Ng4 9.Bg5 f6
10.Bh4 h5 11.Nd2 c5 12.h3 Nh6 13.g4 hxg4 14.Bxg4 Nxg4 15.hxg4 Bh6 16.Qf3 Kg7
17.O-O-O Bd7 18.Kc2 Na6 19.a3 Rh8 20.Rdg1 Bf4 21.Bg3 Bg5 22.Qe2 Qe7 23.f3 Nc7
24.Bf2 a6 25.b4 Rxh1 26.Rxh1 Rh8 27.Rxh8 Kxh8 28.bxc5 dxc5 29.Nb3 b6 30.a4 a5
31.Nb5 Ne8 32.Be3 Bxe3 33.Qxe3 Kg8 34.Nc3 Nd6 35.Nd2 Qh7 36.g5 Qh2 37.Kb3 f5
38.Ncb1 Qg3 39.Ka3 f4 40.Qb3 Nc8 41.Qb2 Qxg5 42.Nc3 Qg1 43.Ncb1 Qd4 44.Qxd4 cxd4
45.c5 bxc5 46.Nc4 Kg7 47.Nxe5 Nb6 48.Nd2 Bxa4 49.Nd3 Bb5 50.Nxc5 Kf6 51.Ndb3 d3
52.Kb2 Nc4+ 53.Kc3 Ne5 54.Nd4 Bd7 55.Nxd7+ Nxd7 56.Kxd3 g5 57.Kc4 a4 58.Kb4 Ke5
59.Nc6+ Kd6 60.Kxa4 g4 61.fxg4 f3 62.Nd4 f2 63.Nf5+ Ke5 64.Ng3 Nc5+ 65.Kb4 Nxe4
66.Nf1 Kxd5 67.Kb3 Ke5 68.Kc2 Kf4 69.Kd3 Kf3 70.Ne3 Nc5+ 71.Kd2 Ne6 72.Kd3 Nf4+
73.Kd4 Ke2 74.Ke4 Nd5 75.Nf5 Ke1 76.Ng3 Nc3+ 77.Ke3 Ne2 78.Nxe2 f1=Q 79.Nf4 Qg1+
80.Kf3 Kd2  0-1

[Event "Giessen op"]
[Site "Giessen"]
[Date "1993.??.??"]
[Round "4"]
[White "Adamski, Jan"]
[Black "Buenermann, Volker"]
[Result "1/2-1/2"]
[WhiteElo "2410"]
[BlackElo "2220"]

1.Nf3 d6 2.d4 Nf6 3.c4 g6 4.Nc3 Bg7 5.e4 O-O 6.Be2 e5 7.Be3 h6 8.O-O Ng4
9.Bc1 Nc6 10.d5 Ne7 11.Ne1 f5 12.Bxg4 fxg4 13.Be3 g5 14.c5 Ng6 15.Rc1 Rf7
16.f3 gxf3 17.Nxf3 Bf8 18.cxd6 Bxd6 19.Nd2 Nf4 20.g3 Bh3 21.Rf2 Qd7 22.Nf3 Ng6
23.Nd2 Nf4 24.Nf3 Ng6 25.Nd2  1/2-1/2

[Event "Gladsaxe"]
[Site "Gladsaxe"]
[Date "1993.??.??"]
[Round "2"]
[White "Marcussen, Anders"]
[Black "Kaspersen, Morten"]
[Result "1-0"]
[WhiteElo "2110"]
[BlackElo "2215"]

1.d4 Nf6 2.Nf3 g6 3.c4 Bg7 4.Nc3 O-O 5.e4 d6 6.Be2 Qe8 7.O-O e5 8.d5 Nh5
9.Be3 Nf4 10.c5 Na6 11.cxd6 cxd6 12.Nb5 Qe7 13.Nxa7 Bg4 14.Bxa6 Rxa7 15.Be2 Raa8
16.h3 Bh5 17.Re1 f5 18.Bxf4 fxe4 19.Bg5 Bf6 20.Bxf6 Qxf6 21.Nd2 Qxf2+ 22.Kh1 Bf3
23.Bxf3 exf3 24.Nxf3 Qxb2 25.Qd2 Qxd2 26.Nxd2 Ra5 27.Ne4 Rxd5 28.Red1 Rxd1+
29.Rxd1 Ra8 30.Rd2 Kf8 31.Nxd6 Rd8 32.Rf2+ Ke7 33.Nxb7 Rd5 34.Rc2 Rb5 35.Rc7+ Ke6
36.Rxh7 e4 37.Nd8+ Kd5 38.Rd7+ Kc4 39.Nf7  1-0

[Event "Gladsaxe"]
[Site "Gladsaxe"]
[Date "1993.??.??"]
[Round "7"]
[White "Hansen, Ulrik Bangsbo"]
[Black "Schandorff, Lars"]
[Result "0-1"]
[WhiteElo "2145"]
[BlackElo "2435"]

1.d4 Nf6 2.c4 g6 3.Nc3 Bg7 4.e4 d6 5.Be2 O-O 6.Nf3 Na6 7.O-O e5 8.Be3 Ng4
9.Bg5 Qe8 10.h3 h6 11.Bc1 Nf6 12.dxe5 dxe5 13.Be3 Nh5 14.c5 Nf4 15.Bxa6 bxa6
16.Nd5 Nxd5 17.Qxd5 Rb8 18.b3 Bb7 19.Qc4 Qb5 20.Qxb5 axb5 21.c6 Bxc6 22.Nd2 Bb7
23.Bxa7 Rbd8 24.Rfd1 Rd7 25.Kf1 f5 26.Ke1 Rfd8 27.f3 Bf8 28.exf5 gxf5 29.Ke2 Bb4
30.Nf1 Rxd1 31.Rxd1 Ra8 32.a3 Bxa3 33.Be3 f4 34.Bc1 Bd6 35.Nd2 Kf7 36.Ne4 Bxe4
37.fxe4 Rg8 38.Kf1 Rg3 39.b4 Rc3 40.Bd2 Rc4  0-1

[Event "Goch op"]
[Site "Goch"]
[Date "1993.??.??"]
[Round "3"]
[White "Weiss, T."]
[Black "Wolkowski, Boris"]
[Result "1-0"]
[WhiteElo "2015"]
[BlackElo "1840"]

1.d4 Nf6 2.c4 g6 3.Nc3 Bg7 4.e4 d6 5.Nf3 O-O 6.Be2 e5 7.Be3 Ng4 8.Bg5 f6
9.Bc1 c6 10.h3 Nh6 11.Be3 Na6 12.O-O Nf7 13.dxe5 dxe5 14.c5 Nc7 15.b4 f5
16.Qc2 f4 17.Rad1 Qf6 18.Bc1 g5 19.Nd2 g4 20.Bxg4 Bxg4 21.hxg4 Qh4 22.f3 Ng5
23.Nc4 h5 24.Qf2 Qxf2+ 25.Kxf2 hxg4 26.Nd6 g3+ 27.Ke1 a5 28.b5 Nxb5 29.Ncxb5 cxb5
30.Nxb5 Rfc8 31.Ba3 Ne6 32.Rd5 Nc7 33.Nxc7 Rxc7 34.Kd2 Ra6 35.Rd6 Rxd6+ 36.cxd6 Rd7
37.Rb1 Bf8 38.Rb5 Bxd6 39.Rd5 Bb4+ 40.Bxb4 Rxd5+ 41.exd5 axb4 42.Kd3 Kf7
43.Ke4 Kf6 44.d6 Ke6 45.d7 Kxd7 46.Kxe5 Kc6 47.Kxf4 Kb5 48.Kxg3 Ka4 49.f4 Ka3
50.f5 Kxa2 51.f6 b3 52.f7 b2 53.f8=Q b5 54.Qb4  1-0

[Event "Groningen op"]
[Site "Groningen"]
[Date "1993.??.??"]
[Round "1"]
[White "Ismailova, Lala"]
[Black "Michelakis, George"]
[Result "0-1"]
[WhiteElo "2155"]
[BlackElo "2355"]

1.d4 Nf6 2.Nf3 g6 3.c4 Bg7 4.Nc3 O-O 5.e4 d6 6.Be2 e5 7.d5 a5 8.O-O Na6 9.Be3 Ng4
10.Bg5 f6 11.Bd2 f5 12.h3 Nf6 13.exf5 gxf5 14.Bg5 Qe8 15.Qd2 Nc5 16.Nb5 Nfe4
17.Qc1 Qf7 18.Bh6 f4 19.Bxg7 Qxg7 20.Kh1 Rf6 21.Nh2 Rg6 22.Bf3 Bxh3 23.Qe1 Bxg2+
24.Bxg2 Rxg2 25.Rg1 Rxg1+ 26.Qxg1 c6 27.Nc7 Rc8 28.Ne6 Nxe6 29.dxe6 Qxg1+
30.Rxg1+ Kf8 31.Kg2 Ke7 32.Kf3 Nd2+ 33.Ke2 Nxc4 34.Rg7+ Kxe6 35.Rxb7 e4 36.b3 f3+
37.Kd1 Ne5 38.Rxh7 Rg8 39.Kd2 Rg2 40.Ke3 Rxh2  0-1

[Event "Groningen op"]
[Site "Groningen"]
[Date "1993.??.??"]
[Round "2"]
[White "Shneider, Aleksandr"]
[Black "Matveeva, Svetlana"]
[Result "1-0"]
[WhiteElo "2560"]
[BlackElo "2395"]

1.d4 Nf6 2.c4 g6 3.Nc3 Bg7 4.e4 d6 5.Be2 O-O 6.Nf3 e5 7.O-O exd4 8.Nxd4 Re8
9.f3 c6 10.Kh1 Nbd7 11.Bg5 h6 12.Bh4 Ne5 13.Nc2 Be6 14.Ne3 Qb6 15.Qd2 Qb4
16.a3 Qb3 17.Qd1 Qb6 18.Bf2 Nh5 19.Nf5 Qxb2 20.Nxg7 Qxc3 21.Nxe8 Rxe8 22.Bd4 Qa5
23.f4 Nxc4 24.f5  1-0

[Event "Groningen op"]
[Site "Groningen"]
[Date "1993.??.??"]
[Round "3"]
[White "Savchenko, Stanislav"]
[Black "Van der Weide, Karel"]
[Result "1-0"]
[WhiteElo "2530"]
[BlackElo "2375"]

1.d4 Nf6 2.c4 g6 3.Nc3 Bg7 4.e4 d6 5.Nf3 O-O 6.Be2 Nbd7 7.O-O e5 8.Qc2 c6
9.Rd1 Qe7 10.d5 c5 11.Bg5 h6 12.Bd2 Ne8 13.g3 Nb6 14.Nh4 Kh7 15.a3 Bf6 16.Ng2 Bh3
17.b4 Nd7 18.Rab1 h5 19.Ne1 Bg5 20.Nf3 Bxd2 21.Qxd2 f6 22.Nh4 Ng7 23.Bd3 Rf7
24.Re1 b6 25.f4 g5 26.Nf3 gxf4 27.gxf4 Rg8 28.Kh1 Bg4 29.Qf2 Bxf3+ 30.Qxf3 f5
31.exf5 e4 32.Nxe4  1-0

[Event "Groningen PCA"]
[Site "Groningen"]
[Date "1993.??.??"]
[Round "5"]
[White "Ehlvest, Jaan"]
[Black "Van Wely, Loek"]
[Result "1-0"]
[WhiteElo "2620"]
[BlackElo "2585"]

1.d4 Nf6 2.Nf3 g6 3.c4 Bg7 4.Nc3 d6 5.e4 O-O 6.Be2 e5 7.Be3 Ng4 8.Bg5 f6
9.Bh4 Nc6 10.d5 Ne7 11.Nd2 Nh6 12.f3 g5 13.Bf2 f5 14.c5 Ng6 15.g3 g4 16.fxg4 Nxg4
17.Bxg4 fxg4 18.Nc4 Nh8 19.cxd6 cxd6 20.O-O Nf7 21.Be3 Bd7 22.a4 Bf6 23.Qe2 Bg5
24.Kh1 Qe7 25.Nb5 Bxe3 26.Nxe3 a6 27.Na3 Ng5 28.Nxg4 Qg7 29.Nc4 Nxe4 30.Qxe4 Qxg4
31.Nxd6 Qxe4+ 32.Nxe4 Rxf1+ 33.Rxf1 Bxa4 34.Rf5 Bc2 35.Nf6+ Kf7 36.Ne4+ Kg8
37.Rxe5 Bxe4+ 38.Rxe4 Rd8 39.Rd4 Kf7 40.Kg2 Kf6 41.Kf3 Ke5 42.Re4+ Kxd5 43.Re7 b5
44.Rxh7 Kc4 45.g4 Kb3 46.g5 b4 47.h4 Kxb2 48.g6 b3 49.h5 Rd5 50.Kg4 Rd4+
51.Kf5 Kc2 52.Rb7 Rd5+ 53.Kg4 Rd4+ 54.Kf3 Rd3+ 55.Ke4 Rg3 56.g7 b2 57.h6 b1=Q
58.Rxb1 Kxb1 59.h7 Rxg7 60.h8=Q  1-0

[Event "Groningen op"]
[Site "Groningen"]
[Date "1993.??.??"]
[Round "7"]
[White "Hutters, Tomas"]
[Black "Gofshtein, Leonid D"]
[Result "1-0"]
[WhiteElo "2430"]
[BlackElo "2540"]

1.Nf3 Nf6 2.c4 g6 3.Nc3 Bg7 4.e4 O-O 5.d4 d6 6.Be3 e5 7.Be2 Na6 8.O-O Ng4
9.Bg5 f6 10.Bc1 Kh8 11.c5 exd4 12.Nxd4 f5 13.exf5 Nxh2 14.Kxh2 Qh4+ 15.Kg1 Qxd4
16.cxd6 Bxf5 17.Bxa6 bxa6 18.dxc7 Qh4 19.Be3 Rae8 20.Qa4 Qf6 21.Bc5 Qg5 22.f4 Qh4
23.Rad1 Rc8 24.Bxf8 Rxf8 25.Qc6 h5 26.Qd6 Qg3 27.Rf3 Qh4 28.Qd8 Qg4 29.Qg5 Bf6
30.Qxg4 Bxg4 31.Ne4 Be7 32.Rc1 Bxf3  1-0

[Event "Hallsberg opJ"]
[Site "Hallsberg"]
[Date "1993.??.??"]
[Round "?"]
[White "Jonsson, M."]
[Black "Nouro, Mikael"]
[Result "1-0"]
[WhiteElo "2285"]
[BlackElo "2215"]

1.d4 Nf6 2.c4 g6 3.Nc3 Bg7 4.e4 O-O 5.Be2 d6 6.Nf3 e5 7.Be3 Ng4 8.Bg5 f6
9.Bh4 Nc6 10.d5 Ne7 11.Nd2 Nh6 12.f3 Bd7 13.O-O g5 14.Bf2 f5 15.c5 g4 16.fxg4 Nxg4
17.Bxg4 fxg4 18.Nc4 Rf6 19.Qb3 b6 20.cxd6 cxd6 21.a4 Ng6 22.Nb5 Bxb5 23.Qxb5 Nf4
24.Ne3 a6 25.Qc4 Qc8 26.Bh4 Rf7 27.Rf2 Rc7 28.Qf1 Bf8 29.Bg5 Ng6 30.Rf5 a5
31.Nxg4 Rc2 32.Qf3 Rc7 33.Rf1 Bg7 34.h4 Qe8 35.Nh6+ Bxh6 36.Bxh6  1-0

[Event "Hallsberg opJ"]
[Site "Hallsberg"]
[Date "1993.??.??"]
[Round "?"]
[White "Jonsson, M."]
[Black "Nalbandian, Tigran"]
[Result "1-0"]
[WhiteElo "2285"]
[BlackElo "2405"]

1.d4 Nf6 2.c4 g6 3.Nc3 Bg7 4.e4 d6 5.Be2 O-O 6.Nf3 e5 7.Be3 Nbd7 8.Qd2 Re8
9.d5 a5 10.Qc2 Nh5 11.O-O-O Nf4 12.Bf1 Nc5 13.Nd2 f5 14.g3 Nh5 15.f3 Bf6
16.exf5 Bxf5 17.Nde4 Nxe4 18.Nxe4 Bxe4 19.Qxe4 Bg5 20.Bh3 Bxe3+ 21.Qxe3 b6
22.f4 Ng7 23.Rhf1 Qf6 24.Qd2 exf4 25.Rxf4 Qe5 26.Rdf1 Re7 27.Qf2 Qe3+ 28.Qxe3 Rxe3
29.Kd2 Re7 30.R1f2 Rae8 31.a3 h5 32.Bf1 g5 33.Rf6 h4 34.gxh4 gxh4 35.Bd3 Re5
36.Bg6 Rc8 37.Bf7+ Kh7 38.R6f4 Kh6 39.Rxh4+ Kg5 40.Rh7 Nf5 41.Rh5+  1-0

[Event "Hallsberg opJ"]
[Site "Hallsberg"]
[Date "1993.??.??"]
[Round "?"]
[White "Hedman, Erik"]
[Black "Wikner, Arvid"]
[Result "1-0"]
[WhiteElo "2225"]
[BlackElo "2215"]

1.d4 Nf6 2.c4 g6 3.Nc3 Bg7 4.e4 d6 5.Nf3 O-O 6.Be2 e5 7.Be3 h6 8.d5 Ng4 9.Bc1 f5
10.O-O a5 11.g3 Na6 12.Nh4 Qe8 13.exf5 gxf5 14.Nxf5 Bxf5 15.Bxg4 Qg6 16.Bxf5 Qxf5
17.Be3 Nb4 18.Qd2 Nd3 19.f3 Nb4 20.Ne4 Qh5 21.Kg2 Rf7 22.a3 Na6 23.Qxa5 Raf8
24.Qd2 Rxf3 25.Qe2 Qg4 26.Rxf3 Qxe4 27.Kf2 Rxf3+ 28.Qxf3 Qxc4 29.Rd1 Nc5
30.Bxc5 e4 31.Qe2 Qxc5+ 32.Kg2 e3 33.b4 Qc3 34.Rd3 Qc4 35.Qxe3 Be5 36.Qf3 c6
37.Kh3 Kh8 38.Qf8+ Kh7 39.Rf3 Bg7 40.Rf7 Qd4 41.Rxg7+ Qxg7 42.Qxg7+ Kxg7
43.dxc6 bxc6 44.Kg4 Kf6 45.Kf4  1-0

[Event "Hallsberg opJ"]
[Site "Hallsberg"]
[Date "1993.??.??"]
[Round "?"]
[White "Berovski, Krum"]
[Black "Dworakowski, Lukasz"]
[Result "1/2-1/2"]
[WhiteElo "2280"]
[BlackElo "2260"]

1.d4 Nf6 2.c4 g6 3.Nc3 Bg7 4.e4 d6 5.Nf3 O-O 6.Be2 e5 7.d5 a5 8.h3 Na6 9.Bg5 h6
10.Be3 Nc5 11.Nd2 Ne8 12.h4 f5 13.h5 Qf6 14.Bxc5 dxc5 15.Bf3 Nd6 16.Qe2 a4
17.a3 g5 18.exf5 Nxf5 19.Nde4 Qf7 20.Qd3 Nd4 21.Bd1 b6 22.Bxa4 Bf5 23.Bc2 c6
24.O-O-O b5 25.g4 bxc4 26.Qg3 Bc8 27.dxc6 Qf4+ 28.Qxf4 exf4 29.Rhg1 Nf3 30.Rg2 Nh4
31.Rgg1 Nf3 32.Rg2 Nh4 33.Rgg1 Nf3 34.Rg2 Ne5 35.Rd5 Bxg4 36.Rxe5 Bf3 37.Rexg5 hxg5
38.Rxg5 Kh8 39.Rxc5 Rae8 40.Rxc4 Bxh5 41.b4 Bf7 42.Rc5 Bd4 43.Rf5 Bc4 44.Rh5+ Kg7
45.c7 Re5 46.Rh1 Be6 47.Na4 Rh8 48.Rxh8 Kxh8 49.Nac5 Bxc5 50.Nxc5 Bc8 51.Ba4 Kg7
52.Kd2 Kf7 53.Bc6 Ke7 54.Be4 Kd6 55.f3 Re7 56.Nd3 Rf7 57.Kc3 Kxc7 58.Kd4 Rf6
59.Ne5 Rf8 60.a4 Rd8+ 61.Kc3  1/2-1/2

[Event "Wichern op"]
[Site "Hamburg"]
[Date "1993.??.??"]
[Round "4"]
[White "Lyrberg, Patrik"]
[Black "Uhlmann, Wolfgang"]
[Result "1-0"]
[WhiteElo "2420"]
[BlackElo "2510"]

1.d4 Nf6 2.c4 g6 3.Nc3 Bg7 4.e4 d6 5.Nf3 O-O 6.Be2 e5 7.d5 a5 8.Bg5 h6 9.Bh4 Qe8
10.Nd2 Na6 11.a3 Bd7 12.b3 Nh7 13.f3 Bf6 14.Bf2 c5 15.h4 Nc7 16.Qc2 Be7 17.Bd3 Nf6
18.g4 b5 19.Be3 Kg7 20.Nf1 b4 21.axb4 axb4 22.Rxa8 Qxa8 23.Nd1 Ng8 24.Ng3 Rb8
25.g5 h5 26.f4 exf4 27.Bxf4 Re8 28.O-O Bh3 29.Rf2 Qa1 30.Bc1 f6 31.Bb2 Qa8
32.e5 fxe5 33.Bxg6 Rf8 34.Nxh5+ Kh8 35.Bf7 Qc8 36.Ne3  1-0

[Event "Wichern op"]
[Site "Hamburg"]
[Date "1993.??.??"]
[Round "8"]
[White "Giemsa, Stephan"]
[Black "Panzer, Peter"]
[Result "1/2-1/2"]
[WhiteElo "2275"]
[BlackElo "2420"]

1.Nf3 Nf6 2.c4 g6 3.Nc3 Bg7 4.e4 O-O 5.d4 d6 6.Be2 Na6 7.O-O e5 8.Re1 Qe8
9.Bg5 h6 10.Bxf6 Bxf6 11.c5 dxc5 12.Bxa6 bxa6 13.Nd5 Bd8 14.dxe5 Bg4 15.Nf6+ Bxf6
16.exf6 Rd8 17.Qc1 Kh7 18.Qxc5 Bxf3 19.gxf3 Qe6 20.e5 Rfe8 21.Rac1 Rd3 22.Qxa7 Rxf3
23.Rxc7 Rxf6 24.Qd4  1/2-1/2

[Event "Wichern op"]
[Site "Hamburg"]
[Date "1993.??.??"]
[Round "9"]
[White "Szymczak, Zbigniew"]
[Black "Boehm, Juergen2"]
[Result "1/2-1/2"]
[WhiteElo "2345"]
[BlackElo "2245"]

1.d4 Nf6 2.c4 g6 3.Nc3 Bg7 4.e4 d6 5.Nf3 O-O 6.Be2 e5 7.d5 a5 8.Bg5 h6 9.Bh4 Na6
10.Nd2 Nc5 11.O-O Bd7 12.b3 Qe8 13.a3 g5 14.Bg3 Nfxe4 15.Ndxe4 Nxe4 16.Nxe4 f5
17.Bd3 fxe4 18.Bxe4 Bf5 19.Qd3 Qg6 20.f3 Bxe4 21.fxe4 Rxf1+ 22.Rxf1 Rf8 23.Rxf8+ Bxf8
24.c5 Be7 25.c6 b6 26.Kf1 g4 27.Ke2 Bg5 28.Bf2 Bd8 29.a4 Kh7 30.Qc2 Qh5 31.Bg3 Bh4
32.Kd3 Bxg3 33.hxg3 Qf7 34.Qe2 h5 35.Kc4 Kg6 36.Kb5 Qf8 37.Kc4 Qf6 38.Kc3 Qg5
39.Kb2 Qf6 40.Qe1 Kh6 41.Kc2 Kg6 42.Kd3 Kg7 43.Ke2 Kg6 44.b4 axb4 45.Qxb4 h4
46.gxh4 g3 47.Qe1 Qxh4 48.Kd3 Qf4 49.Qe2 Kf6  1/2-1/2